5x5 Word Square Quiz Stats

 Plays Quiz Updated Aug 23, 2017

Support Sporcle.
Go Orange.
Score 0/25 Timer 00:30
4 Plays Today
% Correct
R
98.6%
R
98.6%
H
98.1%
H
98.1%
N
97.2%
N
97.2%
E
95.7%
E
95.7%
T
95.3%
T
95.3%
E
94.4%
E
94.4%
E
93.9%
% Correct
U
93.6%
U
93.6%
D
92.9%
C
88.4%
C
88.4%
R
86.7%
R
86.7%
A
85.1%
S
71.1%
S
71.1%
N
66%
T
64.1%

From the Vault

'F' This Typing Challenge

by MovieGuru

This quiz is gantastic...yes gantastic, that is a thing (take the quiz to find out why).
Remove Ads.
Support Sporcle.
Get the best of Sporcle when you Go Orange. This ad-free experience offers more features, more stats, and more fun while also helping to support Sporcle. Thank you for becoming a member.

Show Comments

Extras

Top Quizzes Today


Score Distribution

Your Account Isn't Verified!

In order to create a playlist on Sporcle, you need to verify the email address you used during registration. Go to your Sporcle Settings to finish the process.

Report this User

Report this user for behavior that violates our Community Guidelines.

Details: